| 000 | 00000nam##2200000za#4500 |
| 001 | 9.615964 |
| 003 | CaOODSP |
| 005 | 20240628092344 |
| 007 | ta |
| 008 | 150406|2001||||xxc||||| f|0| 0 eng|d |
| 020 | |z0-660-18821-X |
| 040 | |aCaOODSP|beng |
| 043 | |an-cn--- |
| 086 | 1 |aEn49-24/1-6E |
| 110 | 1 |aCanada. |bEnvironment Canada. |bEnvironmental Protection Service. |
| 245 | 10|aStatus report on water pollution control in the Canadian metal mining industry 1998 |
| 260 | |aOttawa - Ontario : |bEnvironment Canada. |c2001. |
| 300 | |axii, 118p. : |bgraphs, references, tables ; |c28 cm. |
| 490 | 1 |aEnvironmental Protection series |vEPS 1/MM/6 |
| 563 | |aSpiral binding |
| 590 | |a02-40|b2002-10-04 |
| 690 | 07|aEnvironmental impact assessment|2gcpds |
| 690 | 07|aIndustrial waste|2gcpds |
| 690 | 07|aMetals|2gcpds |
| 690 | 07|aMining industry|2gcpds |
| 690 | 07|aWater pollution|2gcpds |
| 690 | 07|aWaste water|2gcpds |
| 775 | 08|tRapport d'étape sur la dépollution de l'eau dans l'industrie canadienne des mines de métaux 1998 |w(CaOODSP)9.625928 |
| 776 | 0#|tStatus report on water pollution control in the Canadian metal mining industry, 1998 / |w(CaOODSP)9.574562 |
| 830 | #0|aEnvironmental protection series reports ;|vEPS 1/MM/6|w(CaOODSP)9.514591 |